<?xml version="1.0" encoding="UTF-8"?>
<record
    xmlns:xsi="http://www.w3.org/2001/XMLSchema-instance"
    xsi:schemaLocation="http://www.loc.gov/MARC21/slim http://www.loc.gov/standards/marcxml/schema/MARC21slim.xsd"
    xmlns="http://www.loc.gov/MARC21/slim">

  <leader>04777nab a22008297  4500</leader>
  <controlfield tag="003">AR-RoUNA</controlfield>
  <datafield tag="022" ind1=" " ind2=" ">
    <subfield code="a">0327-9022</subfield>
  </datafield>
  <datafield tag="040" ind1=" " ind2=" ">
    <subfield code="a">AR-RoUNA</subfield>
    <subfield code="b">spa</subfield>
  </datafield>
  <datafield tag="041" ind1=" " ind2=" ">
    <subfield code="a">spa</subfield>
  </datafield>
  <datafield tag="044" ind1=" " ind2=" ">
    <subfield code="a">ag</subfield>
  </datafield>
  <datafield tag="245" ind1=" " ind2=" ">
    <subfield code="a">Summa+ / </subfield>
    <subfield code="b">Hacia una arquitectura sostenible </subfield>
  </datafield>
  <datafield tag="260" ind1=" " ind2=" ">
    <subfield code="a">Buenos Aires ,</subfield>
    <subfield code="c">1993</subfield>
  </datafield>
  <datafield tag="300" ind1=" " ind2=" ">
    <subfield code="a">152 p. :</subfield>
    <subfield code="b">il. byn.</subfield>
    <subfield code="b">planos</subfield>
    <subfield code="c">34 X25 cm.</subfield>
  </datafield>
  <datafield tag="505" ind1="0" ind2=" ">
    <subfield code="t">INDICE</subfield>
  </datafield>
  <datafield tag="505" ind1="0" ind2=" ">
    <subfield code="a">Fernando Diez / Hacia una arquitectura sostenible. p. 4</subfield>
  </datafield>
  <datafield tag="505" ind1="0" ind2=" ">
    <subfield code="t">SITIOS - Emiratos &#xC1;rabes Unidos - CIUDAD OASIS</subfield>
  </datafield>
  <datafield tag="505" ind1="0" ind2=" ">
    <subfield code="a">Foster + Partners /Masdar Institute - Fase 1A, Abu Dhabi, 2010. p. 6</subfield>
  </datafield>
  <datafield tag="505" ind1="0" ind2=" ">
    <subfield code="t">SITIOS - Colmbia - PIEL ARTIFICIAL, PIEL NATURAL</subfield>
  </datafield>
  <datafield tag="505" ind1="0" ind2=" ">
    <subfield code="a">Juan Manuel Pel&#xE1;ez Freidel / Coomeva Edificio Corporativo y de Salud - Fase I, Palma, 2011. p. 26</subfield>
  </datafield>
  <datafield tag="505" ind1="0" ind2=" ">
    <subfield code="a">Matthias Sauerbbuch / Declaraci&#xF3;n sobre los procesos sustentables. p. 32</subfield>
  </datafield>
  <datafield tag="505" ind1="0" ind2=" ">
    <subfield code="a">Sauerbruch Huttom / M9 - Museo y oficinas administrativas en Mestre, Venecia, 2016. p. 32</subfield>
  </datafield>
  <datafield tag="505" ind1="0" ind2=" ">
    <subfield code="a">Sauerbruch Huttom / Low2no - Distrito urbano para viviendas, oficinas y recreaci&#xF3;n, con huella negativa de carbono, Helsinki, Holanda, 2014. p. 34</subfield>
  </datafield>
  <datafield tag="505" ind1="0" ind2=" ">
    <subfield code="a">Sauerbruch Huttom / Museo Brandhorst, Munich, Alemania, 2008. p. 36</subfield>
  </datafield>
  <datafield tag="505" ind1="0" ind2=" ">
    <subfield code="a">Husos / Densidad y diversidad. p. 44</subfield>
  </datafield>
  <datafield tag="505" ind1="0" ind2=" ">
    <subfield code="t">OBJETOS - Suiza - AISLAMIENTO Y AUTONOM&#xCD;A</subfield>
  </datafield>
  <datafield tag="505" ind1="0" ind2=" ">
    <subfield code="a">ETH Taller Monte Rosa / Nuevo refugio Monte Rosa SAC, Valais, 2009. p. 50</subfield>
  </datafield>
  <datafield tag="505" ind1="0" ind2=" ">
    <subfield code="t">OBJETOS - Espa&#xF1;a - Exploraci&#xF3;n L&#xFA;dica</subfield>
  </datafield>
  <datafield tag="505" ind1="0" ind2=" ">
    <subfield code="a">Ecosistema urbano / Plaza Ec&#xF3;polis (Espacios p&#xFA;blico + Escuela infantil + Ludoteca), Madrid, Espa&#xF1;a, 2010. p. 56</subfield>
  </datafield>
  <datafield tag="505" ind1="0" ind2=" ">
    <subfield code="t">OBEJTOS - Rep&#xFA;blica Checa - OLA TERRESTRE</subfield>
  </datafield>
  <datafield tag="505" ind1="0" ind2=" ">
    <subfield code="a">Projectil Architekti S.R.O. / Slu&#xF1;akov - Centro de actividades ecol&#xF3;gicas de la ciudad de Olomouc, Horka nad Moravou, 2006. p. 62</subfield>
  </datafield>
  <datafield tag="505" ind1="0" ind2=" ">
    <subfield code="t">OBJETOS - Brasil - M&#xC1;QUINA ORG&#xC1;NICA</subfield>
  </datafield>
  <datafield tag="505" ind1="0" ind2=" ">
    <subfield code="a">Triptyque / Harmonia 57, San Pablo, 2008. p. 68</subfield>
  </datafield>
  <datafield tag="505" ind1="0" ind2=" ">
    <subfield code="a">Zoka Zola / Turbina natural, China. p. 74</subfield>
  </datafield>
  <datafield tag="505" ind1="0" ind2=" ">
    <subfield code="a">Plan de movilidad sustentable: programa prioridad transporte p&#xFA;blico metrobus. p. 78</subfield>
  </datafield>
  <datafield tag="505" ind1="0" ind2=" ">
    <subfield code="a">Diana Cabeza / Abordar el espacio p&#xFA;blico. p. 80</subfield>
  </datafield>
  <datafield tag="505" ind1="0" ind2=" ">
    <subfield code="a">Diana Cabeza arq. y Mart&#xED;n Wolfson, di / Paradores Metrobus, CABA, 2011. p. 80</subfield>
  </datafield>
  <datafield tag="505" ind1="0" ind2=" ">
    <subfield code="a">Carlos Barbeb&#xE1; Pastor / Aula medioambiental. p. 90</subfield>
  </datafield>
  <datafield tag="505" ind1="0" ind2=" ">
    <subfield code="a">Juan Marco Macro arq. / Ecoparque Tipo C, Castell&#xF3;n, 2008. p. 90</subfield>
  </datafield>
  <datafield tag="505" ind1="0" ind2=" ">
    <subfield code="t">DISPOSITIVOS - Francia - ACCI&#xD3;N Y TRANSFORMACI&#xD3;N</subfield>
  </datafield>
  <datafield tag="505" ind1="0" ind2=" ">
    <subfield code="a">Atelier D&#xB4;Architecture Autog&#xE9;r&#xE9;e - AAA (en colaboraci&#xF3;n con vecinos de ST. Blaise), Passage 56 - Espacio Cultural Ecol&#xF3;gico, Par&#xED;s, 2010. p. 94</subfield>
  </datafield>
  <datafield tag="505" ind1="0" ind2=" ">
    <subfield code="a">Pablo G&#xFC;iraldes / Pasos hacia una ecolog&#xED;a de la ciudad. p. 98</subfield>
  </datafield>
  <datafield tag="505" ind1="0" ind2=" ">
    <subfield code="a">Diana Agrest y Mario Gandelsonas / El porqu&#xE9; del afuera. p. 102</subfield>
  </datafield>
  <datafield tag="505" ind1="0" ind2=" ">
    <subfield code="a">Midtown Manhattan West, NY, 2003. p. 106</subfield>
  </datafield>
  <datafield tag="505" ind1="0" ind2=" ">
    <subfield code="a">Boulogne - Billancourt Master Plan, Francia, 2001. p. 108</subfield>
  </datafield>
  <datafield tag="505" ind1="0" ind2=" ">
    <subfield code="a">Xujiahui Master Plan, Shangh&#xE1;i, 2004. p. 110</subfield>
  </datafield>
  <datafield tag="505" ind1="0" ind2=" ">
    <subfield code="a">Square, Shangh&#xE1;i. 2004. p. 111</subfield>
  </datafield>
  <datafield tag="505" ind1="0" ind2=" ">
    <subfield code="a">Distrito de dise&#xF1;o, Shangh&#xE1;i, 2004. p. 111</subfield>
  </datafield>
  <datafield tag="505" ind1="0" ind2=" ">
    <subfield code="a">Sports City, Shangh&#xE1;i, 2004. p. 112</subfield>
  </datafield>
  <datafield tag="505" ind1="0" ind2=" ">
    <subfield code="a">Business Center, Shangh&#xE1;i, 2004. p. 112</subfield>
  </datafield>
  <datafield tag="505" ind1="0" ind2=" ">
    <subfield code="a">International Film Center, Shangh&#xE1;i, 2004. p. 113</subfield>
  </datafield>
  <datafield tag="505" ind1="0" ind2=" ">
    <subfield code="a">Breukelen Community Center, Brooklyn, 2005. p. 114</subfield>
  </datafield>
  <datafield tag="505" ind1="0" ind2=" ">
    <subfield code="a">Melrose Community Center, South Bronx, Nueva York, 2001. p. 116</subfield>
  </datafield>
  <datafield tag="505" ind1="0" ind2=" ">
    <subfield code="a">Guillermina Abeledo / Casa Foa: mercados de dise&#xF1;o. p. 122</subfield>
  </datafield>
  <datafield tag="505" ind1="0" ind2=" ">
    <subfield code="a">Clorindo Testa arqs. - Adriana Piastrellini arqs. / Piso Rayado, acceso al CMD sobre la calle algarrobo. p. 122</subfield>
  </datafield>
  <datafield tag="505" ind1="0" ind2=" ">
    <subfield code="t">CASA BRASIL: El mejor producto es el talento</subfield>
  </datafield>
  <datafield tag="505" ind1="0" ind2=" ">
    <subfield code="t">DOSSIER - T&#xE9;cnico - CON VOCACI&#xD3;N SOSTENIBLE</subfield>
  </datafield>
  <datafield tag="505" ind1="0" ind2=" ">
    <subfield code="a">Marcelo Minoliti / Nueva Terminal del Aeropuerto Internacional de Ezeiza, Argentina, 2010. p. 136</subfield>
  </datafield>
  <datafield tag="505" ind1="0" ind2=" ">
    <subfield code="a">Shieh Arqs. Asc./ Centro M&#xE9;dico y Social Enkyd, San Pablo, Brasil, 2011. p. 138</subfield>
  </datafield>
  <datafield tag="505" ind1="0" ind2=" ">
    <subfield code="a">Pablo Azqueta, arq. / Casa E, Tortuguitas, Argentina, 2010. p. 139</subfield>
  </datafield>
  <datafield tag="505" ind1="0" ind2=" ">
    <subfield code="a">Igancio Ros de Olano / Mileto en papel. p. 141</subfield>
  </datafield>
  <datafield tag="505" ind1="0" ind2=" ">
    <subfield code="a">Ruth Verde Zein / Las casas sublimes de Lina. p. 142</subfield>
  </datafield>
  <datafield tag="505" ind1="0" ind2=" ">
    <subfield code="a">Rafael E. J. Iglesia / Io amo il mio Fifito. p. 144</subfield>
  </datafield>
  <datafield tag="505" ind1="0" ind2=" ">
    <subfield code="a">Roberto Fern&#xE1;ndez / Ofrendas persas: fantas&#xED;as de la princesa Zaha. p. 147</subfield>
  </datafield>
  <datafield tag="505" ind1="0" ind2=" ">
    <subfield code="a">Mario Sabugo / Schinke y el fin de la arquitectura. p. 150</subfield>
  </datafield>
  <datafield tag="505" ind1="0" ind2=" ">
    <subfield code="a">Maria Jos&#xE9; de Azevedo Marcondes / 25 a&#xF1;os de sal: seminario de arquitectura latinoamericana. p. 152</subfield>
  </datafield>
  <datafield tag="650" ind1=" " ind2=" ">
    <subfield code="a">Arquitectura contempor&#xE1;nea</subfield>
  </datafield>
  <datafield tag="773" ind1="0" ind2=" ">
    <subfield code="a">Summa+</subfield>
    <subfield code="d">Buenos Aires, Argentina</subfield>
    <subfield code="g">N&#xBA;118 (oct-2011), p. 152</subfield>
    <subfield code="x">0327-9022</subfield>
  </datafield>
  <datafield tag="908" ind1=" " ind2=" ">
    <subfield code="a">Imp</subfield>
  </datafield>
  <datafield tag="942" ind1=" " ind2=" ">
    <subfield code="2">udc</subfield>
    <subfield code="c">ART</subfield>
  </datafield>
  <datafield tag="945" ind1=" " ind2=" ">
    <subfield code="a">MBP</subfield>
    <subfield code="d">2022-07-08</subfield>
  </datafield>
  <datafield tag="980" ind1=" " ind2=" ">
    <subfield code="8">138</subfield>
    <subfield code="g">Carolina Rainero</subfield>
    <subfield code="6">138</subfield>
    <subfield code="a">Carolina Rainero</subfield>
  </datafield>
  <datafield tag="999" ind1=" " ind2=" ">
    <subfield code="c">12250</subfield>
    <subfield code="d">12250</subfield>
  </datafield>
  <datafield tag="952" ind1=" " ind2=" ">
    <subfield code="0">0</subfield>
    <subfield code="1">0</subfield>
    <subfield code="2">udc</subfield>
    <subfield code="4">0</subfield>
    <subfield code="7">0</subfield>
    <subfield code="a">AR-RoUNA</subfield>
    <subfield code="b">AR-RoUNA</subfield>
    <subfield code="c">Heme</subfield>
    <subfield code="d">2025-11-14</subfield>
    <subfield code="e">Don</subfield>
    <subfield code="l">0</subfield>
    <subfield code="p">1002851</subfield>
    <subfield code="r">2025-11-14</subfield>
    <subfield code="t">ej. 1</subfield>
    <subfield code="w">2025-11-14</subfield>
    <subfield code="y">ART</subfield>
    <subfield code="k">K6</subfield>
    <subfield code="x"></subfield>
  </datafield>
</record>
